Géographie de l'Europe par lettre - B - Statistiques

Statistiques générales
  • Ce quiz a été pris 573 fois
    535 depuis la dernière actualisation
  • Le résultat moyen est 12 sur 20
Statistiques - réponses
Indice Réponse % Correct
Capitale catalane Barcelone
98%
Point culminant des Alpes Mont {Blanc}
95%
Capitale roumaine Bucarest
93%
Région d'Allemagne du sud aux bières réputées Bavière
87%
Pays de l'est du continent, parfois qualifié de "dernière dictature d'Europe" Biélorussie
87%
Pays dont la frontière Nord, avec la Roumanie, est tracée par le Danube Bulgarie
86%
"Pays" partagé entre la France et l'Espagne, à la langue unique, l'Euskara Pays {Basque}
86%
Mer du nord-est, son nom désigne aussi trois pays de l'ex-URSS Baltique
78%
Archipel espagnol Baléares
75%
Ville de ce pays à l'homonyme breton Brest
70%
Deuxième plus grande ville du Royaume-Uni Birmingham
68%
Détroit séparant la ville d'Istanbul entre Europe et Asie Bosphore
61%
Péninsule de l'est du continent Balkans
53%
Grande plaine de l'est de la France, aux poulets réputés Bresse
45%
Affluent du Dniepr et cauchemar de Napoléon Bérézina
39%
Région historique de l'ouest de la République Tchèque Bohème
35%
Région hautement agricole du centre de la France Beauce
31%
Point culminant du Royaume-Uni Ben Nevis
19%
Plus grand lac de Hongrie Balaton
13%
Long golfe au nord de cette mer Botnie
11%
Aucun quiz correspondant
Distribution des résultats
% des personnes avec chaque résultat
Percentile par nombre de réponses
Votre historique - résultats
Vous n’avez pas pris ce quiz depuis la dernière actualisation